Statistical methods for plant variety evaluation (Record no. 41545)

MARC details
000 -LEADER
fixed length control field 00352nam a2200133Ia 4500
082 ## - DEWEY DECIMAL CLASSIFICATION NUMBER
Item number KEM
245 #0 - TITLE STATEMENT
Title Statistical methods for plant variety evaluation
260 ## - PUBLICATION, DISTRIBUTION, ETC. (IMPRINT)
Place of publication London
Name of publisher Chapman and Hall
Year of publication 1997
650 ## - SUBJECT ADDED ENTRY--TOPICAL TERM
Topical Term Plant breeding trials
700 ## - ADDED ENTRY--PERSONAL NAME
Personal name Fox, P N
700 ## - ADDED ENTRY--PERSONAL NAME
Personal name Kempton, R A
942 ## - ADDED ENTRY ELEMENTS (KOHA)
Koha item type Books
Holdings
Withdrawn status Lost status Damaged status Not for loan Home library Current library Date acquired Cost, normal purchase price Full call number Accession Number Koha item type
        RRII Library RRII Library 16/12/2021 283.00 KEM 21831 Books